000
00227nam a22000857a 4500
008
160705b xxu||||| |||| 00| 0 eng d
100
_9
2170
_a
Premchand
245
_a
Festivals of Eid
260
_a
New Delhi
_b
National Book Trust
_c
1980
999
_c
1862
_d
1862